The triumph of an Indian Widow (Record no. 1445653)

MARC details
000 -LEADER
fixed length control field 00628nam a2200205Ia 4500
005 - DATE AND TIME OF LATEST TRANSACTION
control field 20250923144959.0
008 - FIXED-LENGTH DATA ELEMENTS--GENERAL INFORMATION
fixed length control field 008 250917s9999 xx 000 0 eng d
037 ## - SOURCE OF ACQUISITION
Stock number Textual
040 ## - CATALOGING SOURCE
Original cataloging agency DSWL
Language of cataloging eng
Transcribing agency DSWL
041 ## - LANGUAGE CODE
Language code of text/sound track or separate title eng
Source of code eng
084 ## - COLON CLASSIFICATION NUMBER
Classification number YX,Z50g06:5.2WM65, N39
Assigning agency DSWL
100 ## - MAIN ENTRY--PERSONAL NAME
Personal name Fuller, Mary Lucia Biera
9 (RLIN) 830529
245 #4 - TITLE STATEMENT
Title The triumph of an Indian Widow
Statement of responsibility, etc. by Mary Lucia Biera Fuller
260 ## - PUBLICATION, DISTRIBUTION, ETC.
Place of publication, distribution, etc. Penna
Name of publisher, distributor, etc. Ramabai Mukti Mission Havertousn
300 ## - PHYSICAL DESCRIPTION
Extent 72 p.
365 ## - TRADE PRICE
Price type code INR
Price amount 4.00
925 ## -
-- 4.00
942 ## - ADDED ENTRY ELEMENTS (KOHA)
Koha item type Textual
Classification part YX,Z50g06:5.2WM65, N39
Holdings
Withdrawn status Lost status Damaged status Not for loan Home library Current library Date acquired Source of acquisition Inventory number Total Checkouts Full call number Barcode Date last seen Price effective from Koha item type
        Department of Social Work Library Department of Social Work Library 2025-09-23 Atma Ram & Sons 522/3   YX,Z50g06:5.2WM65, N39 SW0010956 2025-09-23 2025-09-23 Textual
Copyright @ Delhi University Library System